Film con maggiori incassi nel 2011 - Statistics

Statistiche generali
  • Questo quiz è stato fatto 6 volte
  • Il punteggio medio è 4 su 10
Statistiche sulle risposte
Incasso ($) Film % Corretto
1 341 511 219 Harry Potter e i doni della morte - Parte 2
100%
712 205 856 The Twilight Saga: Breaking Dawn - Parte 1
60%
559 852 396 Cars 2
40%
626 137 675 Fast & Furious 5
40%
694 713 380 Mission: Impossible - Protocollo fantasma
40%
1 045 713 802 Pirati dei Caraibi - Oltre i confini del mare
40%
563 749 323 I puffi
20%
665 692 281 Kung Fu Panda 2
20%
1 123 794 079 Transformers 3
20%
586 764 305 Una notte da leoni 2
20%
Nessun quiz corrispondente trovato
Distribuzione punteggi
Percentuale di utenti per punteggio
Percentile per numero di risposta
I tuoi punteggi nel tempo
Non hai fatto questo quiz